| 000 | 00966cam a22001814a 4500 | ||
|---|---|---|---|
| 005 | 20250605164343.0 | ||
| 008 | 250528s ||||||||||||||||||||||||d | ||
| 035 | _a23742 | ||
| 040 |
_aGR-AtMCL _bgre _dGR-AtMCL _eAACR2 |
||
| 245 | 1 | _aΑνάπτυξη του Μηνιαίου Περιοδικού στην Αγορά της Ηπείρου. | |
| 260 | _c2013 | ||
| 300 | _a38 | ||
| 520 | _aΕισαγωγή, Η Εικόνα των Media στην Ήπειρο, Τα Περιοδικά, Όνομα και Είδος του Υπό Μελέτη Περιοδικού, Γιατί, θα πρέπει να είναι Free Press? Εικονική Δημιουργία Τεύχους, Ανάπτυξη του Εντύπου, Γνωριμία με το Κοινό της Ηπείρου, Συμπέρασμα, Πηγές, Βιβλιογραφία. | ||
| 700 | 1 |
_aΠαπακωνσταντίνου Μιχάλης _99288 |
|
| 942 | _cDS | ||
| 999 |
_c8691 _d8691 |
||